000 01608nam a2200301 a 4500
001 BRCA_2424
005 20190320203812.0
008 131108s1777----sp-a---###---#000-0dspa-u
041 _aspa
044 _asp
084 _a064
_b.S263
_c1777
100 1 _aCervantes Saavedra, Miguel de
_d1547-1616
_9213
245 1 0 _aVida y hechos del Ingenioso Caballero Don Quixote de la Mancha
_ccompuesto por Miguel de Cervantes Saavedra.
260 _aMadrid
_bAntonio de Sancha
_c1777
300 _a4 v.
_bil.
_c19 cm.
500 _aContenido : v 1. Primera parte. Dedicatoria de Cide Hamete Benengeli a D. Quijote. Versos preliminares. Prólogo del autor. Vida de Cervantes por Mayáns. Texto. -- v 2. Texto. -- v 3. Segunda parte. Composiciones poéticas atribuidas a Diego Torres Villaroel. Aprovación de la edición príncipe. Prólogo de Cervantes. Texto. -- v 4. Texto
500 _aEdición : Nueva edición corregida e ilustrada con varias láminas finas y la vida del autor
500 _aReproducción de la edición LO-064, de Ibarra, con pequeñas variantes, pero inferior en el aspecto tipográfico. Lomeras adornadas con florones y filetes dorados Lúdovik Osterc
500 _aQM53
650 1 4 _aNovela española
_yÉpoca clásica, 1500-1700
_9215
650 1 4 _aLiteratura española
_yÉpoca clásica, 1500-1700
_9216
650 1 4 _aNovela española
_ySiglo XVII
_9217
650 1 4 _aDon Quijote (Personaje ficticio)
_eNovela
_9218
700 1 _aMayáns I Síscar, Gregorio
_d1690-1781
_eBiógrafo
_97106
740 0 _aEl Ingenioso Hidalgo Don Quijote de la Mancha
902 _aQFM
942 _2lcc
_cB
999 _c2165
_d2165